000 00368nam a2200145Ia 4500
008 230917s9999||||xx |||||||||||||| ||und||
040 _e120291
_aMAIN
041 _aEnglish
082 _a546.21 S13C
100 _aSidgwick, N V
245 0 _aChemical elements and their compounds. V2
260 _aOxford
_bClerendon Press
_c1962
300 _a1703 p.
942 _cBK
999 _c233099
_d233099